Elevation / directed by George Nolfi ; writtten by John Glenn ; produced by Brad Fuller, (Record no. 20710)

000 -LEADER
fixed length control field 00941nam a22002297a 4500
008 - FIXED-LENGTH DATA ELEMENTS--GENERAL INFORMATION
fixed length control field 250524b xxu||||| |||| 00| 0 eng d
040 ## - CATALOGING SOURCE
Transcribing agency Cagayan State University
082 ## - DEWEY DECIMAL CLASSIFICATION NUMBER
Classification number 791.4372
245 ## - TITLE STATEMENT
Title Elevation / directed by George Nolfi ; writtten by John Glenn ; produced by Brad Fuller,
Remainder of title directed by George Nolfi ; writtten by John Glenn ; produced by Brad Fuller.
260 ## - PUBLICATION, DISTRIBUTION, ETC. (IMPRINT)
Place of publication, distribution, etc United States :
Name of publisher, distributor, etc Vertical Entertainment,
Date of publication, distribution, etc 2024.
300 ## - PHYSICAL DESCRIPTION
Extent 1 video file (ca. 92 minutes.) :
Other physical details sound color
520 ## - SUMMARY, ETC.
Summary, etc A single father and two women venture from the safety of their homes to face monstrous creatures to save the life of a young boy.
546 ## - LANGUAGE NOTE
Language note In English subtitle.
650 ## - SUBJECT ADDED ENTRY--TOPICAL TERM
Topical term or geographic name as entry element Action.
650 ## - SUBJECT ADDED ENTRY--TOPICAL TERM
Topical term or geographic name as entry element Sci - Fi.
650 ## - SUBJECT ADDED ENTRY--TOPICAL TERM
Topical term or geographic name as entry element Thriller.
700 ## - ADDED ENTRY--PERSONAL NAME
Personal name Nolfi, George, director and writter.
700 ## - ADDED ENTRY--PERSONAL NAME
Personal name Mackie, Anthony, star.
700 ## - ADDED ENTRY--PERSONAL NAME
Personal name Baccarin, Morena, star.
700 ## - ADDED ENTRY--PERSONAL NAME
Personal name Hasson, Maddie, star.
942 ## - ADDED ENTRY ELEMENTS (KOHA)
Source of classification or shelving scheme
Item type Audio-Visual Materials
Holdings
Source of acquisition Price effective from Permanent location Date last seen Not for loan Date acquired Source of classification or shelving scheme Koha item type Collection code Shelving location Damaged status Lost status Withdrawn status Current location Full call number
Donation2025-05-24Cagayan State University - Carig Library2025-05-24 2025-05-24 Audio-Visual MaterialsElectronic Media CenterAudio Visual   Cagayan State University - Carig Library791.4372

Cagayan State University University Library, Carig Campus
Tuguegarao City, Cagayan 3500 | www.csucarig.edu.ph

Powered by Koha